LDR 01580nam a2200301 i 4500 001 000000120037 003 CaOOAMICUS 005 20260505133821.0 008 050829s1982 it u000 u ita u 013 $a92731 040 $aSeMil$bita 100 0 $aLeonardo : da Vinci,$d<1452-1519>.$0(OLS)http://semarc/name/7094 245 10$aLeonardo da Vinci, studi di natura dalla Biblioteca Reale nel Castello di Windsor :$bMilano, Castello Sforzesco, Sala delle Asse, 26 maggio-17 ottobre 1982 /$ccatalogo a cura di Carlo Pedretti ; introduzione di Kenneth Clark. 260 $aFirenze :$bGiunti-Barbèra,$ccopyr. 1982. 300 $a102 p. :$briccamente ill. ;$c29 cm. 500 $aCatalogo della Mostra tenuta a Milano nel 1982 600 04$aLeonardo : da Vinci <1452-1519>.$0(OLS)http://semarc/subject/2814 650 04$aLeonardo : da Vinci <1452-1519> - Cataloghi di esposizioni.$0(OLS)http://semarc/subject/36141 700 1 $aPedretti, Carlo <1928-2018>.$0(OLS)http://semarc/name/92483 700 1 $aClark, Kenneth.$0(OLS)http://semarc/name/49989 850 $aSeMil 852 $aSeMil$W1$xVenegono$y1$m5R VII 79$j75244$B75244$CSeMilBibl$Z2$F102047 $81 941 1 $a1 961 $aOmaggio: Ciprandi dott. Paolo 996 $6245$aLeonardo da Vinci, studi di natura dalla Biblioteca Reale nel Castello di Windsor :$bMilano, Castello Sforzesco, Sala delle Asse, 26 maggio-17 ottobre 1982$9(OLS)http://semarc/title/176568 996 $6260$aFirenze :$bGiunti-Barbèra$9(OLS)http://semarc/publisher/31462